000 00716nam a22002291 4500
001 52427
003 BD-RJUL
005 20211209075814.0
008 160920s1960 maua 001 0 eng
035 _a(BD-RJUL)52547
040 _aDLC
_cDLC
_dMYG
_dBD-RJUL
_beng
041 _aeng
082 _223
_a530.12
_bDII 1970
100 1 _aDicke, Robert H.
_q(Robert Henry)
_9156845
245 1 0 _aIntroduction to quantum mechanics /
_cby Robert H. Dicke and James P. Wittke.
260 _aLondon :
_bAddison-Wesley Pub. Co.
_cc1960 [printing 1961, 1970]
300 _axi, 369 p. :
_bill. ;
_c24 cm.
500 _aInclude index
650 0 _aQuantum theory.
_9156846
700 1 _aWittke, James P.
_9156847
942 _2ddc
_cBK
999 _c52427
_d52427